LEADER 01222nam2 22003133i 450 001 MIL0265129 005 20231121125543.0 100 $a20070806d1956 ||||0itac50 ba 101 | $aita 102 $ait 181 1$6z01$ai $bxxxe 182 1$6z01$an 200 0 $a2$fVladimir Potiomkin$gcon la collaborazione di A. Efimov ... [et al.] 210 $a[Roma]$cEditori riuniti$d1956 215 $a361 p., [28] p. di tav.$cill.$d21 cm. 461 1$1001MIL0265102$12001 $aStoria della diplomazia$fVladimir Potiomkin$g[traduzione di Alberto Carpitella]$v2 606 $aDiplomazia$xStoria$2FIR$3RMLC051292$9I 620 $aIT$dRoma$3LO1L002924 676 $a327.09$9Relazioni internazionali - Storia$v21 702 1$aEfimov$b, A.$3UMCV024376 801 3$aIT$bIT-01$c20070806 850 $aIT-RM0460 $aIT-FR0017 899 $aBiblioteca Dell' Archivio Centrale Dello Stato$bRM0460 899 $aBiblioteca umanistica Giorgio Aprea$bFR0017 912 $aMIL0265129 950 2$aBiblioteca umanistica Giorgio Aprea$d 52DES 327 Pot.Sto.2$e 52FLS0000367985 VMB RS $fA $h20130212$i20130212 977 $a 27$a 52 996 $a2$961340 997 $aUNICAS LEADER 01305nam0 22003131i 450 001 UON00496810 005 20231205105356.554 010 $a978-90-04-21754-6 100 $a20190723d2012 |0itac50 ba 101 $aeng 102 $aNL 105 $a|||| ||||| 200 1 $aˆThe ‰rise of Mah?sena$ethe transformation of Skanda-Karttikeya in North India from the Ku???a to Gupta empires$fby Richard D. Mann 210 $aLeiden$cBrill$d2012 215 $ax, 250 p.$cill.$d25 cm 410 1$1001UON00425849$12001 $aBrill's Indological library$fEdited by Johannes Bronkhorst$1210 $aLeiden$cBrill.$v39 606 $aKARTTIKEIA (divinità indu)$xCulto$x India Settentrionale$xStoria$3UONC095512$2FI 606 $aINDUISMO$xIndia settentrionale$3UONC095513$2FI 620 $aNL$dLeiden$3UONL003056 676 $a294.5$cINDUISMO$v21 700 1$aMANN$bRichard D.$3UONV228032$0766247 712 $aBrill$3UONV245886$4650 801 $aIT$bSOL$c20240220$gRICA 899 $aSIBA - SISTEMA BIBLIOTECARIO DI ATENEO$2UONSI 912 $aUON00496810 950 $aSIBA - SISTEMA BIBLIOTECARIO DI ATENEO$dSI SI SHIVA 049 $eSI 30959 7 049 996 $aRise of Mahasena$91558665 997 $aUNIOR 998 $a1